LEADER 01201nam a2200277 i 4500 001 000000177152 003 CaOOAMICUS 005 20090116000000.0 008 090116s2008 fr u000 u fre u 013 $a154660 020 $a978-2-204-08788-9 040 $aSeMil$bita 100 0 $aEusebius : Caesariensis,$c.$0(OLS)http://semarc/name/3578 245 10$aQuestions évangéliques /$cEusèbe de Césarée ; introduction, texte critique, traduction et notes par Claudio Zamagni. 260 $aParis :$bLes Éditions du Cerf,$c2008. 300 $a255 p. ;$c20 cm. 490 0 $aSources Chrétiennes ;$v523 500 $aTesto greco orig. a fronte. 700 1 $aZamagni, Claudio,$d<1970- >.$0(OLS)http://semarc/name/65915 830 0$aSources chrétiennes ;$v523.$0(OLS)http://semarc/title/72 850 $aSeMil 852 $aSeMil$W1$xVenegono$y1$mSL1.U I 523$j127966$B127966$CSeMilBibl$Z2$F138490 $8I 961 $aSottoscrizione: SODIS 996 $6020$a978-2-204-08788-9$9(OLS)http://semarc/number/165898 996 $6245$aQuestions évangéliques$9(OLS)http://semarc/title/254396 996 $6260$aParis :$bLes Éditions du Cerf$9(OLS)http://semarc/publisher/29611 LEADER 01169nam a2200253 i 4500 001 000000191095 003 CaOOAMICUS 005 20150630000000.0 008 150630s1938 it u000 u ita u 013 $a169585 040 $aSeMil$bita 100 1 $aWilliamson, Benedetto.$0(OLS)http://semarc/name/69535 245 13$aLa nostra madre celeste nello spirito di S. Teresa del bambino Gesù /$cBenedetto Williamson ; traduzione autorizzata dall'inglese di una clarissa del Monastero di Fiesole. 260 $aTorino ; Roma :$bMarietti,$c1938. 300 $a146 p. ;$c20 cm. 500 $aFondo card. Giovanni Colombo. 650 4$aTeresa : del Bambino Gesù - Spiritualità.$0(OLS)http://semarc/subject/6123 700 1 $aMonastero di Fiesole.$0(OLS)http://semarc/name/69842 850 $aSeMil 852 $aSeMil$W1$xVenegono$y1$m3GC VI 285$j141709$B141709$CSeMilBibl$Z2$F153270 $8B 941 1 $a3 961 $aLascito: Colombo Card. Giovanni 996 $6245$aLa nostra madre celeste nello spirito di S. Teresa del bambino Gesù$9(OLS)http://semarc/title/275369 996 $6260$aTorino ; Roma :$bMarietti$9(OLS)http://semarc/publisher/32636